| 000 | 00842cad a22002055a 4500 | ||
|---|---|---|---|
| 001 | L152397 | ||
| 008 | 110301e20110107xxk f 000 0 eng d | ||
| 035 | _a(Sirsi) u152397 | ||
| 041 | 0 | _aeng | |
| 110 | 2 |
_aMarkit _95915 |
|
| 245 | 0 | 0 |
_aUK construction activity contracted in December due to poor weather conditions _h[electronic resource] |
| 260 | _c2011 | ||
| 490 |
_aMarkit News Release _v5 January 2011 |
||
| 520 | _aNew business rose again, but at a modest rate; employment fell sharply, confidence amongst UK construction companies remained historically subdued. | ||
| 590 | _aKA | ||
| 651 | 4 |
_aUnited Kingdom _y |
|
| 690 | _aBUILT ENVIRONMENT-CONSTRUCTION MARKET | ||
| 856 | 4 | 0 |
_uhttps://www.markiteconomics.com/MarkitFiles/Pages/ViewPressRelease.aspx?ID=7498 _zView this item free of charge at www.markiteconomics.com |
| 942 | _n0 | ||
| 999 |
_c82955 _d82955 |
||